000 00588nam a2200229Ia 4500
003 OSt
005 20220918192453.0
006 a|||||r|||| 00| 0
007 ta
008 220917b |||||||| |||| 00| 0 eng d
024 _a68,568
037 _cTextual
040 _aARTS
_cARTS
_beng
041 _2eng
_aeng
082 _aR3z7, L4
100 _aStrawson P F
245 0 _aFreedom and resentment and other essays
260 _aLondon
_bMethuen
_c1974
300 _aviii,214p.
_ccm.
942 _hR3z7, L4
_cTEXL
_2CC
999 _c194739
_d194739